A Riemann-type integral that includes Lebesque-Stieltjes, Bochner and stochastic integrals

Αποθηκεύτηκε σε:
Λεπτομέρειες βιβλιογραφικής εγγραφής
Κύριος συγγραφέας: McShane, E. J. (Edward James) 1904
Μορφή: Βιβλίο
Γλώσσα:English
Δημοσίευση: Providence, Rhode Island : American Mathematical Society, 1969
Σειρά:Memoirs of the American Mathematical Society ; ; 88
Θέματα:
Ετικέτες: Προσθήκη ετικέτας
Δεν υπάρχουν, Καταχωρήστε ετικέτα πρώτοι!

MARC

LEADER 00000nam a2200000 i 4500
001 1/54119
008 941103s1969 eng d
035 |a 1993  |l 10044902 
040 |a GR-MY-UA  |b gre  |e aacr 
041 0 |a eng 
082 0 |a 515.43 
100 1 |a McShane, E. J.  |q (Edward James)  |d 1904. 
245 1 2 |a A Riemann-type integral that includes Lebesque-Stieltjes, Bochner and stochastic integrals /  |c by E.J. McShane 
260 |a Providence, Rhode Island :   |b American Mathematical Society,   |c 1969 
300 |a 54 p.;  |c 24 cm. 
490 1 |a Memoirs of the American Mathematical Society  |v ; 88 
500 |a Includes bibliographical references 
650 0 0 |a Integrals. 
830 0 |a Memoirs of the American Mathematical Society ;  |v ; 88 
852 |a INST  |b SAMOS  |e 19941103  |h 515.433 MCS  |p 005300002663  |q 005300002663  |t BK  |y 0 
909 |a Σ  |b 030554